000 00848nam a2200253 i 4500
001 000031417
003 DO-SdBNP
005 20241008112750.0
007 ta
008 110622s1952 dr 000 | spa d
040 _aDO-SdBNP
_bspa
_cBNPHU
_erda
049 _aBNPD
082 4 _bN789d
_222
100 1 _aNolasco, Flérida de,
_d1891-1976
_eautor
_4aut.
_935151
245 1 0 _aDías de la colonia :
_bestudios históricos /
_cFlérida de Nolasco ; prólogo, P. Antonio Valle LLano.
264 4 _aCiudad Trujillo, República Dominicana :
_bImpresora Dominicana,
_c1952.
300 _a176 páginas ;
_c22 cm.
336 _atexto
_btxt
_2rdacontent
337 _asin mediación
_bn
_2rdamedia
338 _avolumen
_bnc
_2rdacarrier
590 _aInventariado, 2024/BT
700 1 _aValle LLano, Antonio,
_eprologuista
_4pr.
_957056
942 _2ddc
_cLBS1
999 _c30909
_d30909